El trigo y su selección /
Guardado en:
| Autor Principal: | |
|---|---|
| Formato: | Libro |
| Publicado: |
Barcelona :
Salvat,
1934
|
| Series: | Biblioteca Agrícola Salvat
|
| Materias: | |
| Etiquetas: |
Agregar Etiqueta
Sin Etiquetas, Sea el primero en etiquetar este registro!
|
| LEADER | 00599nam a22002055a 4500 | ||
|---|---|---|---|
| 001 | CEM.cems016025 | ||
| 005 | 20120312114406.0 | ||
| 008 | 130507s1934##################000#0#####d | ||
| 003 | CEMS | ||
| 082 | 0 | 4 | |a 633.1 |
| 100 | 1 | |a Nagore, Daniel | |
| 245 | 1 | 0 | |a El trigo y su selección / |c Daniel Nagore |
| 260 | |a Barcelona : |b Salvat, |c 1934 | ||
| 300 | |a 204 p. | ||
| 490 | 0 | |a Biblioteca Agrícola Salvat | |
| 653 | |a Agricultura | ||
| 653 | |a Cultivos | ||
| 653 | |a Trigo | ||
| 859 | |a CEMS |b BIB. CEMS - Agricultura |h 633.1 |i N138 |p A13753.85 |t Ej.2 | ||
| 859 | |a CEMS |b BIB. CEMS - Agricultura |h 633.1 |i N138 |p A5053.76 |t Ej.1 | ||
